|
|
|
|
| LEADER |
00000nab#a22000007a#4500 |
| 001 |
arbauad018163 |
| 003 |
AR-BaUAD |
| 005 |
20250711111620.0 |
| 008 |
960327|||||||||###||||||b###|0###a|spa|| |
| 040 |
|
|
|a AR-BaUAD
|c AR-BaUAD
|b spa
|
| 100 |
|
|
|a Colquhoun, Alan
|
| 245 |
|
|
|a XIX seculo :
|b l'architettura delle stazione in Francia e in Inghilterra /
|c Alan Colquhoun;
|
| 300 |
0 |
|
|b fot., il.
|
| 500 |
|
|
|a Artículo teórico.
|
| 653 |
|
|
|a ESTACIONES DE FERROCARRIL
|
| 653 |
|
|
|a HISTORIA
|
| 653 |
|
|
|a ARQUITECTURA
|
| 653 |
|
|
|a FRANCIA
|
| 653 |
|
|
|a INGLATERRA
|
| 653 |
|
|
|a REINO UNIDO
|
| 653 |
|
|
|a SIGLO XIX
|
| 773 |
0 |
|
|t Casabella
|g no. 624 [jun. 1995], p. 46-51
|
| 942 |
|
|
|c ARTI
|
| 952 |
|
|
|0 0
|1 0
|4 0
|7 0
|9 63083
|a AR-BAuAD
|b AR-BAuAD
|d 2025-07-11
|l 0
|p AAQA018163
|r 2025-07-11 11:16:20
|w 2025-07-11
|y ARTI
|
| 990 |
|
|
|a AQ199
|b TD
|
| 998 |
|
|
|a AAQ
|b BIBUN76
|
| 999 |
|
|
|c 42756
|d 42756
|